[Event "Titled Tuesday intern op 06th Feb Late"]
[Site "Chess.com INT"]
[Date "2024.02.06"]
[Round "2"]
[White "Modric, Nesa"]
[Black "Saveliev, Alexei"]
[Result "0-1"]
[WhiteElo "2128"]
[BlackElo "2366"]
[PlyCount "48"]
[EventDate "2024.02.06"]
[EventType "swiss (blitz)"]
[EventRounds "11"]
[EventCountry "USA"]
[SourceTitle "CB07_2024"]
[SourceDate "2024.02.14"]
[SourceVersion "1"]
[SourceVersionDate "2024.02.14"]
[SourceQuality "1"]

1. e4 g6 2. d4 Bg7 3. Nc3 d6 4. f4 Nc6 5. Nf3 Bg4 6. Be3 Bxf3 7. gxf3 e5 8. fxe5 dxe5 9. d5 Nd4 10. Nb5 Nf6 11. Nxd4 exd4 12. Bxd4 0-0 13. Qd2 Nxe4 14. fxe4 Qh4+ 15. Bf2 Qxe4+ 16. Qe3 Qxh1 17. 0-0-0 Qxh2 18. Kb1 Rfe8 19. Qf3 Rad8 20. Bg3 Qg1 21. Bb5 Qb6 22. Qb3 Re3 23. Rd3 Rxd3 24. Qxd3 Qg1+ 0-1

[Event "Titled Tuesday intern op 23rd Jan Late"]
[Site "Chess.com INT"]
[Date "2024.01.23"]
[Round "10"]
[White "Mesquita, Eduardo Barbosa"]
[Black "Modric, Nesa"]
[Result "0-1"]
[WhiteElo "1948"]
[BlackElo "2128"]
[PlyCount "35"]
[EventDate "2024.01.23"]
[EventType "swiss (blitz)"]
[EventRounds "11"]
[EventCountry "USA"]
[SourceTitle "CB05_2024"]
[SourceDate "2024.01.31"]
[SourceVersion "1"]
[SourceVersionDate "2024.01.31"]
[SourceQuality "1"]

1. e4 d5 2. exd5 Qxd5 3. Nc3 Qa5 4. Nf3 c6 5. d4 Nf6 6. Bc4 Bf5 7. 0-0 e6 8. a3 Bb4 9. axb4 Qxa1 10. Bg5 Qxd1 11. Rxd1 Bxc2 12. Rd2 Bg6 13. b5 Nbd7 14. bxc6 bxc6 15. Ba6 Rb8 16. Ne5 Nxe5 17. dxe5 Nd5 18. Na4 0-1

[Event "Titled Tuesday intern op 23rd Jan Late"]
[Site "Chess.com INT"]
[Date "2024.01.23"]
[Round "7"]
[White "Modric, Nesa"]
[Black "Loebler, Heimo"]
[Result "1-0"]
[WhiteElo "2128"]
[BlackElo "2083"]
[PlyCount "55"]
[EventDate "2024.01.23"]
[EventType "swiss (blitz)"]
[EventRounds "11"]
[EventCountry "USA"]
[SourceTitle "CB05_2024"]
[SourceDate "2024.01.31"]
[SourceVersion "1"]
[SourceVersionDate "2024.01.31"]
[SourceQuality "1"]

1. e4 c6 2. d4 d5 3. e5 Bf5 4. Nf3 e6 5. Be2 c5 6. 0-0 Nc6 7. c3 cxd4 8. cxd4 Nge7 9. a3 Nc8 10. b4 Nb6 11. Nbd2 Be7 12. Bb2 0-0 13. Rc1 Rc8 14. h3 Qd7 15. Nb3 a5 16. b5 Na7 17. Nc5 Bxc5 18. dxc5 Na8 19. a4 b6 20. c6 Qe7 21. Nd4 Bg6 22. Bd3 Nc7 23. Qb3 Rfd8 24. Ba3 Qe8 25. f4 Rb8 26. Bd6 Rdc8 27. Rce1 Qd8 28. f5 1-0

[Event "Titled Tuesday intern op 09th Jan Early"]
[Site "Chess.com INT"]
[Date "2024.01.09"]
[Round "2"]
[White "Hrebenshchykova, Yelyzaveta"]
[Black "Modric, Nesa"]
[Result "1-0"]
[WhiteElo "2275"]
[BlackElo "2128"]
[PlyCount "69"]
[EventDate "2024.01.09"]
[EventType "swiss (blitz)"]
[EventRounds "11"]
[EventCountry "USA"]
[SourceTitle "CB03_2024"]
[SourceDate "2024.01.17"]
[SourceVersion "1"]
[SourceVersionDate "2024.01.17"]
[SourceQuality "1"]

1. e4 c6 2. d4 d5 3. e5 Bf5 4. h4 h5 5. Bd3 Bxd3 6. Qxd3 e6 7. Nf3 c5 8. Bg5 Qb6 9. Nbd2 Nc6 10. dxc5 Bxc5 11. 0-0 Nge7 12. c3 Nf5 13. b4 Be7 14. b5 Na5 15. Bxe7 Nxe7 16. Nd4 Rc8 17. f4 g6 18. Kh2 Nc4 19. N2f3 Nf5 20. Nxf5 gxf5 21. Nd4 Rg8 22. Rf3 Rg4 23. g3 a6 24. Rb1 Qa5 25. bxa6 Qxa2+ 26. Kh3 bxa6 27. Rb7 Qa1 28. Rf1 Qa2 29. Nxf5 Nd2 30. Nd6+ Kd8 31. Nxf7+ Ke8 32. Nd6+ Kd8 33. Qh7 Rxg3+ 34. Kxg3 Ne4+ 35. Nxe4 1-0

[Event "Titled Tuesday intern op 09th Jan Early"]
[Site "Chess.com INT"]
[Date "2024.01.09"]
[Round "6"]
[White "Kraus, Tomas"]
[Black "Modric, Nesa"]
[Result "1-0"]
[WhiteElo "2484"]
[BlackElo "2128"]
[PlyCount "39"]
[EventDate "2024.01.09"]
[EventType "swiss (blitz)"]
[EventRounds "11"]
[EventCountry "USA"]
[SourceTitle "CB03_2024"]
[SourceDate "2024.01.17"]
[SourceVersion "1"]
[SourceVersionDate "2024.01.17"]
[SourceQuality "1"]

1. e4 c6 2. d4 d5 3. f3 dxe4 4. fxe4 e5 5. Nf3 exd4 6. Bc4 Bc5 7. 0-0 Nf6 8. Bg5 d3+ 9. Kh1 dxc2 10. Qxc2 Qb6 11. Nc3 Be7 12. e5 Ng8 13. Bxe7 Nxe7 14. Ng5 Be6 15. Bxe6 fxe6 16. Nxe6 Rg8 17. Qxh7 Nd7 18. Nxg7+ Kd8 19. Ne6+ Kc8 20. Qxe7 1-0

[Event "Titled Tuesday intern op 09th Jan Early"]
[Site "Chess.com INT"]
[Date "2024.01.09"]
[Round "1"]
[White "Modric, Nesa"]
[Black "Rojas Salas, Steven"]
[Result "0-1"]
[WhiteElo "2128"]
[BlackElo "2172"]
[PlyCount "72"]
[EventDate "2024.01.09"]
[EventType "swiss (blitz)"]
[EventRounds "11"]
[EventCountry "USA"]
[SourceTitle "CB03_2024"]
[SourceDate "2024.01.17"]
[SourceVersion "1"]
[SourceVersionDate "2024.01.17"]
[SourceQuality "1"]

1. d4 d5 2. Bg5 Nf6 3. Bxf6 exf6 4. g3 Bd6 5. Bg2 0-0 6. Qd3 Re8 7. Nf3 f5 8. 0-0 Nd7 9. e3 Nf6 10. c4 dxc4 11. Qxc4 c6 12. Nc3 Be6 13. Qa4 Qe7 14. a3 Nd5 15. Qc2 Qd7 16. Rac1 h6 17. Rfd1 Rad8 18. b4 Bf8 19. Ne5 Qc8 20. Qa4 a6 21. Qc2 g6 22. Na4 Qc7 23. Nc5 Bc8 24. Ncd3 Bg7 25. h4 Nf6 26. Qb3 Be6 27. Qc2 Kh7 28. Nc5 Bc8 29. Qb3 Re7 30. a4 Nd5 31. Ned3 Nxe3 32. Nf4 Nxd1 33. Rxd1 Bxd4 34. Ncd3 a5 35. b5 Qb6 36. Qc4 Bd7 0-1

[Event "Titled Tuesday intern op 24th Oct Late"]
[Site "Chess.com INT"]
[Date "2023.10.24"]
[Round "7"]
[White "Fernandez, Maria Florencia"]
[Black "Modric, Nesa"]
[Result "1-0"]
[WhiteElo "2099"]
[BlackElo "2161"]
[PlyCount "89"]
[EventDate "2023.10.24"]
[EventType "swiss (blitz)"]
[EventRounds "11"]
[EventCountry "USA"]
[SourceTitle "Mega2024 Update 01"]
[Source "Chessbase"]
[SourceDate "2023.11.12"]
[SourceVersion "1"]
[SourceVersionDate "2023.11.12"]
[SourceQuality "1"]

1. d4 Nf6 2. c4 e6 3. Nc3 d5 4. cxd5 exd5 5. Bg5 c6 6. e3 Be7 7. Bd3 h6 8. Bh4 0-0 9. Nge2 Re8 10. 0-0 Nbd7 11. Qc2 Bd6 12. Bg3 Nf8 13. Bxd6 Qxd6 14. Ng3 N8h7 15. Rae1 Ng5 16. f3 h5 17. Qf2 Bd7 18. Rd1 Re7 19. Rfe1 Rae8 20. h4 Ngh7 21. e4 dxe4 22. Ngxe4 Nxe4 23. fxe4 Qc7 24. Qf3 Bg4 25. Qf2 Bxd1 26. Rxd1 Nf6 27. e5 Ng4 28. Qf5 g6 29. Qg5 Qb6 30. Bc4 Qxb2 31. Qxg6+ Kf8 32. Qd3 b5 33. Bb3 Qa3 34. Qd2 Qa5 35. Ne4 Qxd2 36. Rxd2 Kg7 37. Nd6 Rd8 38. Nf5+ Kf8 39. Nxe7 Kxe7 40. Rc2 Rc8 41. Rc5 Ne3 42. Rc3 Nd5 43. Rf3 a5 44. Kh2 a4 45. Bc2 1-0

[Event "Titled Tuesday intern op 24th Oct Late"]
[Site "Chess.com INT"]
[Date "2023.10.24"]
[Round "2"]
[White "Kazmaier, Daniel"]
[Black "Modric, Nesa"]
[Result "1-0"]
[WhiteElo "2180"]
[BlackElo "2161"]
[PlyCount "81"]
[EventDate "2023.10.24"]
[EventType "swiss (blitz)"]
[EventRounds "11"]
[EventCountry "USA"]
[SourceTitle "Mega2024 Update 01"]
[Source "Chessbase"]
[SourceDate "2023.11.12"]
[SourceVersion "1"]
[SourceVersionDate "2023.11.12"]
[SourceQuality "1"]

1. d4 Nf6 2. Bg5 d5 3. Bxf6 exf6 4. c4 dxc4 5. Nc3 c6 6. a4 Bd6 7. e3 f5 8. Bxc4 Nd7 9. Nge2 Nf6 10. g3 Qe7 11. Qc2 g6 12. Nf4 Ne4 13. h4 Bxf4 14. gxf4 h5 15. Bd3 Nxc3 16. Qxc3 0-0 17. b4 a6 18. a5 Be6 19. Qc5 Qd7 20. Qe5 Bd5 21. Rg1 Kh7 22. Ke2 Rae8 23. Qf6 Re6 24. Qg5 Be4 25. Bc4 Bd5 26. Rac1 Bxc4+ 27. Rxc4 Rfe8 28. Rgc1 Qd5 29. Kf1 Qh1+ 30. Ke2 Qh2 31. Kf3 Qh3+ 32. Ke2 Rxe3+ 33. fxe3 Qxe3+ 34. Kf1 Qf3+ 35. Kg1 Qe3+ 36. Kh1 Qf3+ 37. Qg2 Qxf4 38. R4c2 Qxh4+ 39. Kg1 Re4 40. Qh2 Rg4+ 41. Rg2 1-0

[Event "Titled Tuesday intern op 04th Jul Late"]
[Site "Chess.com INT"]
[Date "2023.07.04"]
[Round "3"]
[White "Gallasch, Jonas"]
[Black "Modric, Nesa"]
[Result "1-0"]
[WhiteElo "2300"]
[BlackElo "2161"]
[PlyCount "95"]
[EventDate "2023.07.04"]
[EventType "swiss (blitz)"]
[EventRounds "11"]
[EventCountry "USA"]
[SourceTitle "EXT 2024"]
[Source "ChessBase"]
[SourceDate "2023.10.10"]
[SourceVersion "1"]
[SourceVersionDate "2023.10.10"]
[SourceQuality "1"]

1. e4 d5 2. exd5 Qxd5 3. Nc3 Qa5 4. d4 c6 5. Nf3 Nf6 6. Bc4 Bf5 7. 0-0 e6 8. Re1 Bb4 9. Bd2 0-0 10. a3 Bxc3 11. Bxc3 Qc7 12. Ne5 Nbd7 13. Qe2 Nxe5 14. dxe5 Ne4 15. Bd3 Nxc3 16. bxc3 Bxd3 17. cxd3 Rad8 18. d4 Rd5 19. Red1 Rfd8 20. Qe3 c5 21. h4 cxd4 22. cxd4 Qc4 23. Rac1 Qa4 24. Qf3 Rxd4 25. Rxd4 Qxd4 26. Qxb7 Qxe5 27. Qd7 Qe1+ 28. Kh2 Qe5+ 29. g3 Qf6 30. Qxa7 h6 31. Qe3 Qb2 32. Kg2 Qb7+ 33. Kh2 Rc8 34. Rxc8+ Qxc8 35. a4 Qa6 36. Qd4 h5 37. Qb4 Qe2 38. Qb8+ Kh7 39. Qf4 f5 40. a5 Qa2 41. Qe3 Qxa5 42. Qxe6 Qc5 43. Kg2 g6 44. Qf7+ Kh6 45. Qf6 Kh7 46. Qf7+ Kh6 47. Qg8 Qc6+ 48. Kh2 1-0

[Event "Titled Tuesday intern op 04th Jul Late"]
[Site "Chess.com INT"]
[Date "2023.07.04"]
[Round "5"]
[White "Modric, Nesa"]
[Black "Coelho, Ramyres Santana"]
[Result "0-1"]
[WhiteElo "2161"]
[BlackElo "1981"]
[PlyCount "76"]
[EventDate "2023.07.04"]
[EventType "swiss (blitz)"]
[EventRounds "11"]
[EventCountry "USA"]
[SourceTitle "EXT 2024"]
[Source "ChessBase"]
[SourceDate "2023.10.10"]
[SourceVersion "1"]
[SourceVersionDate "2023.10.10"]
[SourceQuality "1"]

1. e4 c5 2. c3 d5 3. exd5 Qxd5 4. Nf3 e5 5. Na3 Nf6 6. Bc4 Qe4+ 7. Be2 Nc6 8. 0-0 Bd6 9. Re1 0-0 10. Nc4 Bc7 11. d3 Qf5 12. Ne3 Qd7 13. Qc2 Rd8 14. a4 h6 15. Nc4 Qd5 16. Bf1 Bf5 17. Ne3 Qe6 18. Nxf5 Qxf5 19. Be3 b6 20. Rad1 Ng4 21. h3 Nxe3 22. Rxe3 Rd7 23. Rde1 Re8 24. Nh4 Qg5 25. Nf3 Qf4 26. Re4 Qf6 27. d4 cxd4 28. cxd4 Nb4 29. Qb3 Nd5 30. Bb5 Red8 31. Bxd7 Rxd7 32. dxe5 Qe6 33. Nd4 Qe7 34. e6 f5 35. exd7 Qf6 36. d8Q+ Bxd8 37. Qxd5+ Kh7 38. Re6 Qg6 0-1

[Event "Titled Tuesday intern op 20th Jun Early"]
[Site "Chess.com INT"]
[Date "2023.06.20"]
[Round "8"]
[White "Lohani, Sujana"]
[Black "Modric, Nesa"]
[Result "0-1"]
[WhiteElo "1753"]
[BlackElo "2161"]
[PlyCount "66"]
[EventDate "2023.06.20"]
[EventType "swiss (blitz)"]
[EventRounds "11"]
[EventCountry "USA"]
[SourceTitle "EXT 2024"]
[Source "ChessBase"]
[SourceDate "2023.10.10"]
[SourceVersion "1"]
[SourceVersionDate "2023.10.10"]
[SourceQuality "1"]

1. d4 Nf6 2. Nf3 e6 3. c4 d5 4. cxd5 exd5 5. Nc3 c6 6. Bg5 Be7 7. e3 h6 8. Bh4 0-0 9. Bd3 Re8 10. 0-0 Nbd7 11. Rc1 Ne4 12. Nxe4 dxe4 13. Bxe4 Bxh4 14. Bb1 Be7 15. Qc2 Nf6 16. Rfd1 Bg4 17. Qe2 Qb6 18. Rd2 Bb4 19. Rdc2 Rad8 20. h3 Bf5 21. Rc4 Bxb1 22. Rxb1 Bf8 23. Ne5 Nd7 24. Nd3 Nf6 25. Qg4 Qc7 26. Qf3 Ne4 27. Ne5 Nd2 28. Qd1 Rxe5 29. Qxd2 Re6 30. Qc2 Qd7 31. Rd1 Rg6 32. Qe4 Re8 33. Qf3 Qd5 0-1

[Event "Titled Tuesday intern op 20th Jun Early"]
[Site "Chess.com INT"]
[Date "2023.06.20"]
[Round "4"]
[White "Modric, Nesa"]
[Black "Nikulina, Alena"]
[Result "0-1"]
[WhiteElo "2161"]
[BlackElo "1857"]
[PlyCount "56"]
[EventDate "2023.06.20"]
[EventType "swiss (blitz)"]
[EventRounds "11"]
[EventCountry "USA"]
[SourceTitle "EXT 2024"]
[Source "ChessBase"]
[SourceDate "2023.10.10"]
[SourceVersion "1"]
[SourceVersionDate "2023.10.10"]
[SourceQuality "1"]

1. e4 e5 2. Nf3 d5 3. exd5 e4 4. Qe2 Nf6 5. d3 Qxd5 6. Nbd2 Be7 7. Nxe4 0-0 8. Bd2 Nc6 9. Bc3 Bg4 10. h3 Bf5 11. Nfd2 Rfe8 12. g4 Bg6 13. Bg2 Nd4 14. Bxd4 Qxd4 15. 0-0-0 Nd5 16. Kb1 Nf4 17. Qf3 Nxg2 18. Qxg2 a5 19. f4 f6 20. f5 Bf7 21. Qf2 Qd5 22. b3 a4 23. Nc3 Qc6 24. Nce4 axb3 25. axb3 Bb4 26. Nc4 b5 27. Nb2 Qa6 28. Kc1 Qa1# 0-1

[Event "SRB-chT3 East"]
[Site "Serbia"]
[Date "2015.10.15"]
[Round "6.31"]
[White "Brankovic, Dejan"]
[Black "Modric, Nesa"]
[Result "1-0"]
[WhiteElo "2332"]
[BlackElo "2225"]
[PlyCount "79"]
[EventDate "2015.09.06"]
[EventType "team-tourn"]
[EventRounds "11"]
[EventCountry "SRB"]
[SourceTitle "EXT 2022"]
[Source "ChessBase"]
[SourceDate "2021.10.06"]
[SourceVersion "1"]
[SourceVersionDate "2021.10.06"]
[SourceQuality "1"]

1. e4 c6 2. d4 d5 3. Nc3 dxe4 4. Nxe4 Bf5 5. Ng3 Bg6 6. h4 h6 7. Nf3 Nd7 8. h5 Bh7 9. Bd3 Bxd3 10. Qxd3 Ngf6 11. Bf4 Qa5+ 12. Bd2 Qc7 13. 0-0-0 e6 14. Ne4 Be7 15. g3 Nxe4 16. Qxe4 Nf6 17. Qe2 Nd5 18. c4 Nf6 19. Kb1 0-0-0 20. Bf4 Bd6 21. Ne5 Rhe8 22. Rd3 Re7 23. c5 Bxe5 24. Bxe5 Qd7 25. Bd6 Ree8 26. Rb3 b5 27. cxb6 Qb7 28. Bc5 a6 29. Ra3 Kd7 30. Rxa6 Ra8 31. Ra7 Rxa7 32. bxa7 Rd8 33. Rc1 Ke8 34. Rc3 Nd7 35. Rb3 Qc8 36. Qc4 e5 37. a3 exd4 38. Qxd4 f6 39. Rb8 Nxb8 40. Qe4+ 1-0

[Event "SRB-chT3 East"]
[Site "Pozarevac"]
[Date "2014.10.04"]
[Round "4.21"]
[White "Kostic, Tomislav"]
[Black "Modric, Nesa"]
[Result "0-1"]
[WhiteElo "2004"]
[BlackElo "2216"]
[PlyCount "70"]
[EventDate "2014.10.02"]
[EventType "team-swiss"]
[EventRounds "6"]
[EventCountry "SRB"]
[SourceTitle "EXT 2022"]
[Source "ChessBase"]
[SourceDate "2021.10.06"]
[SourceVersion "1"]
[SourceVersionDate "2021.10.06"]
[SourceQuality "1"]

1. e4 Nc6 2. Nc3 e5 3. Nf3 Bc5 4. Nxe5 Nxe5 5. d4 Bd6 6. dxe5 Bxe5 7. Bc4 d6 8. f4 Bxc3+ 9. bxc3 Qh4+ 10. g3 Qh3 11. Qf3 Bg4 12. Qf2 Nf6 13. Bf1 Qh5 14. Bg2 Qb5 15. h3 Be6 16. Be3 0-0 17. g4 Bc4 18. g5 Nd7 19. f5 Rfe8 20. f6 d5 21. a4 Qa5 22. Qd2 Rad8 23. Kf2 dxe4 24. Rhd1 Qf5+ 25. Kg1 gxf6 26. Rf1 Bxf1 27. Rxf1 Qg6 28. gxf6 Nxf6 29. Bd4 c5 30. Kh1 cxd4 31. Rg1 Kh8 32. cxd4 e3 33. Qe2 Rxd4 34. Bc6 Qh6 35. Bxe8 Qxh3+ 0-1

[Event "SRB-chT3 East"]
[Site "Pozarevac"]
[Date "2014.10.02"]
[Round "1.31"]
[White "Modric, Nesa"]
[Black "Nadj Hedjesi, Balind"]
[Result "0-1"]
[WhiteElo "2216"]
[BlackElo "2402"]
[PlyCount "84"]
[EventDate "2014.10.02"]
[EventType "team-swiss"]
[EventRounds "6"]
[EventCountry "SRB"]
[SourceTitle "EXT 2022"]
[Source "ChessBase"]
[SourceDate "2021.10.06"]
[SourceVersion "1"]
[SourceVersionDate "2021.10.06"]
[SourceQuality "1"]

1. d4 Nf6 2. Nf3 e6 3. Bg5 h6 4. Bh4 b6 5. e3 Bb7 6. Nbd2 c5 7. c3 Be7 8. Bd3 cxd4 9. exd4 d6 10. 0-0 0-0 11. h3 Nbd7 12. Qe2 Re8 13. Rfe1 Nh5 14. Bxe7 Qxe7 15. g3 Rad8 16. a4 a5 17. Bb5 Nhf6 18. Nc4 Nd5 19. Ne3 Nc7 20. Bc4 Qf6 21. Nd2 g6 22. Ng4 Qg7 23. Bb3 h5 24. Ne3 e5 25. dxe5 dxe5 26. Nec4 Qf6 27. Ne4 Bxe4 28. Qxe4 Nc5 29. Qc2 h4 30. Ba2 hxg3 31. fxg3 Qg5 32. Kh2 Rd3 33. Qf2 Nd5 34. Re2 e4 35. Rf1 Re7 36. Rg1 Rf3 37. Qd4 Rd3 38. Qf2 Nf6 39. Ne3 Nxa4 40. Rf1 Kg7 41. h4 Qe5 42. Bb1 Rxe3 0-1